Jésus de Nazareth : Libre penseur du judaïsme (notice n° 1509408)
[ vue normale ]
| 000 -LEADER | |
|---|---|
| fixed length control field | 00812cam a2200133 4500500 |
| 005 - DATE AND TIME OF LATEST TRANSACTION | |
| control field | 20250921011840.0 |
| 041 ## - LANGUAGE CODE | |
| Language code of text/sound track or separate title | fre |
| 042 ## - AUTHENTICATION CODE | |
| Authentication code | dc |
| 100 10 - MAIN ENTRY--PERSONAL NAME | |
| Personal name | Thayse, André |
| Relator term | author |
| 245 00 - TITLE STATEMENT | |
| Title | Jésus de Nazareth : Libre penseur du judaïsme |
| 260 ## - PUBLICATION, DISTRIBUTION, ETC. | |
| Name of publisher, distributor, etc. | L'Harmattan,<br/> |
| Date of publication, distribution, etc. | 2025.<br/> |
| 520 ## - SUMMARY, ETC. | |
| Summary, etc. | Comme l'avaient été avant lui tous les grands prophètes d'Israël, Jésus de Nazareth a été un libre penseur du judaïsme. Personne unique dans l'histoire de l'humanité, il a invité ses contemporains à une modification radicale de leur comportement : relation nouvelle des hommes et des femmes entre eux et avec Dieu. C'est à cet aspect volontiers contestataire de la personnalité de Jésus de Nazareth que ce texte est consacré. |
| 856 41 - ELECTRONIC LOCATION AND ACCESS | |
| Uniform Resource Identifier | <a href="https://shs.cairn.info/?lang=&redirect-ssocas=7080">https://shs.cairn.info/?lang=&redirect-ssocas=7080</a> |
Pas d'exemplaire disponible.




Réseaux sociaux